000 00897cam a22002531 4500
999 _c7670
_d7670
001 4061946
003 GBCCL
005 20241126110633.0
008 740504s1967 ilu 000 0 eng
010 _a 67006593
040 _aDLC
_cDLC
_dDLC
050 0 0 _aBS1440
_b.T38 1967
082 0 0 _a223.205204
_bLIV
130 0 _aBible.
_pOld Testament.
_kSelections.
_lEnglish.
_sLiving Bible.
_f1967.
_913516
245 1 0 _aLiving Psalms and Proverbs with the major prophets,
_cparaphrased by Kenneth N. Taylor.
260 _a[Wheaton, Ill.,
_bTyndale House,
_c1967]
300 _a745 p.
_c18 cm.
630 0 0 _aBible.
_pPsalms
_xParaphrases, English.
_913517
630 0 0 _aBible.
_pProverbs
_xParaphrases, English.
_913518
630 0 0 _aBible.
_pProphets
_xParaphrases, English.
_913519
700 1 _aTaylor, Kenneth Nathaniel.
_9368
906 _a7
_bcbc
_corignew
_du
_eocip
_f19
_gy-gencatlg
942 _2ddc
_cBK
_02